Online
Catalog

Mintzberg y la dirección / (Record no. 35895)

MARC details
000 -CABECERA
campo de control de longitud fija 00526nam a2200169 a 4500
001 - NÚMERO DE CONTROL
campo de control 000036404
005 - FECHA Y HORA DE LA ÚLTIMA TRANSACCIÓN
campo de control 20200930075720.0
008 - DATOS DE LONGITUD FIJA--INFORMACIÓN GENERAL
campo de control de longitud fija 120117s20uu sp 000 0 spa d
040 ## - FUENTE DE LA CATALOGACIÓN
Centro catalogador/agencia de origen DO-SdBNP
Lengua de catalogación spa
Centro/agencia transcriptor BNPHU
082 ## - NÚMERO DE LA CLASIFICACIÓN DECIMAL DEWEY
Número de clasificación xxxx
Número de documento/Ítem xxxx
100 1# - ENTRADA PRINCIPAL--NOMBRE DE PERSONA
Nombre de persona Mintzberg, Henry
9 (RLIN) 62615
245 10 - MENCIÓN DE TÍTULO
Título Mintzberg y la dirección /
Mención de responsabilidad, etc. Henry Mintzberg.
260 ## - PUBLICACIÓN, DISTRIBUCIÓN, ETC.
Lugar de publicación, distribución, etc. España :
Nombre del editor, distribuidor, etc. Díaz de Santos,
Fecha de publicación, distribución, etc. [s.f.].
300 ## - DESCRIPCIÓN FÍSICA
Extensión 494 p. ;
Dimensiones 22 cm.
500 ## - NOTA GENERAL
Nota general Incluye índice
504 ## - NOTA DE BIBLIOGRAFÍA, ETC.
Nota de bibliografía, etc. Incluye referencias bibliográficas y notas al pie de las páginas
Holdings
Estado de retiro Estado de pérdida Restricciones de uso No para préstamo Código de colección Localización permanente Ubicación/localización actual Ubicación en estantería Fecha de adquisición Número de inventario Total de préstamos Signatura topográfica completa Código de barras Fecha visto por última vez Precio válido a partir de Tipo de ítem Koha
      Excluido de préstamo Monografías: Libros y Folletos General General Depósito 17.01.2012 LF1   xxxx xxxx 36405-10 25.06.2020 25.06.2020 No se presta

Powered by Koha